000 00918nam a2200193 i 4500
001 173955
003 ES-MaACL
005 20230906215412.0
008 100203s1900 sp |||| | spa d
100 1 _aMaestre, Tomás,
_d1857-1936
_975394
245 1 3 _aLa escarapela
_b: drama en tres actos (el último dividido en dos cuadros) y en prosa /
_coriginal de Tomás Maestre.
260 _aMadrid :
_b[s.n.],
_c1900 (
_fR. Velasco, imp.)
300 _a69 p. ;
_c20 cm.
594 _aEn port.: Estrenado en el Teatro Español la noche del 24 de marzo de 1900.
594 _aEn cub. precede al tít.: Sociedad de Autores Españoles.
710 2 _aSociedad de Autores Españoles.
_9171890
852 _aES-MaACL
_jF-8634(5)
_z- Enc. pasta española
_z- Enc. en un vol. facticio formando parte de la col. facticia "Teatro español moderno", v. 89
_z. - Dedicatoria autógrafa del autor
999 _c173955
_d173955